| 000 | 00425pab a2200157 454500 | ||
|---|---|---|---|
| 008 | 180718b2014 xxu||||| |||| 00| 0 eng d | ||
| 100 | _aRahman, Andaleeb | ||
| 245 | _aRevival of rural public distribution system: Expansion and outreach | ||
| 260 | _c2014 | ||
| 300 | _ap.62-68. | ||
| 362 | _a17 May | ||
| 650 | _aPublic distribution system | ||
| 773 | _aEconomic and Political Weekly | ||
| 908 | _aN | ||
| 909 | _a106419 | ||
| 999 |
_c106414 _d106414 |
||